00834cam a2200193 a 450000100100000000500170001000800410002702000150006802000180008304000250010108200150012624500840014126001480022530000280037350400730040170000360047495201130051099900170062300001982620200929170143.0100111s2008 mx a b f000 0 spa  a9703514243 a9789703514243 aDO-SdBNPbspacBNPHU axxxxbxxxx00aRevistas culturales latinoamericanas, 1920-1690 /cCoordinadora Lydia Elizalde. aMexico, D. F. :bUniversidad IberoamericanabUniversidad Autónoma del Estado de MorelosbConsejo Nacional para la Cultura y las Artes,c2008. a295 p. :bil. ;c21 cm. aIncluye referencias bibliográficas y notas al pie de las páginas1 aElizalde, Lydia,ecoord.942319 001050718MOaGRbGRcCTd2010-07-07iLF1l0oxxxx xxxxp19826-10r2020-06-25w2020-06-25y1ZNo se presta c19339d19339